Digital electronics and micro controllers : (Record no. 142917)
[ view plain ]
| 000 -LEADER | |
|---|---|
| fixed length control field | 00758nam a22002057a 4500 |
| 005 - DATE AND TIME OF LATEST TRANSACTION | |
| control field | 20170814142121.0 |
| 010 ## - LCCN (DPL NO) | |
| LC control number | ENG-119427 |
| 020 ## - INTERNATIONAL STANDARD BOOK NUMBER | |
| Terms of availability | 81.00 |
| 035 ## - SYSTEM CONTROL NUMBER | |
| System control number | EN-102959 |
| 037 ## - SOURCE OF ACQUISITION | |
| Source of stock number/acquisition | DBAD/PUB |
| 082 ## - DEWEY DECIMAL CLASSIFICATION NUMBER | |
| Classification number | 621.3815 |
| 100 ## - MAIN ENTRY--PERSONAL NAME | |
| Personal name | Akula,Rajesh |
| 245 ## - TITLE STATEMENT | |
| Title | Digital electronics and micro controllers : |
| Statement of responsibility, etc | by Rajesh Akula [and] Chanderashekhar Akula |
| Remainder of title | including laboratory manual for polytecnic E.E.E.-IV Semester (Second year) / |
| 260 ## - PUBLICATION, DISTRIBUTION, ETC. (IMPRINT) | |
| Place of publication, distribution, etc | New Delhi |
| Name of publisher, distributor, etc | V.G.S. Book Links |
| Date of publication, distribution, etc | 2012 |
| 270 ## - ADDRESS | |
| Address | 5-6-59/3,Second Floor Tammina Krishna Street, Behind Sairam Theatre |
| City | Vijyawada |
| Postal code | 520009 |
| 300 ## - PHYSICAL DESCRIPTION | |
| Extent | Various Pagings : |
| Dimensions | 22cm(pbk) |
| Other physical details | ill. |
| 490 ## - SERIES STATEMENT | |
| Series statement | Techno Series |
| 700 ## - ADDED ENTRY--PERSONAL NAME | |
| Personal name | Akula,Chanderashekhar |
| 942 ## - ADDED ENTRY ELEMENTS (KOHA) | |
| Source of classification or shelving scheme | Dewey Decimal Classification |
| Item type | English Books |
| Classification part | 621.3815 |
| Call number suffix | AKU |
| Withdrawn status | Lost status | Not for loan | Collection code | Home library | Current library | Date acquired | Source of acquisition | Cost, normal purchase price | Full call number | Barcode | Copy number | Cost, replacement price | Koha item type |
|---|---|---|---|---|---|---|---|---|---|---|---|---|---|
| Non-fiction | Ashok Vihar | Ashok Vihar | 27/07/2017 | DBAD/PUB | 81.00 | 621.3815 AKU | EN-102959 | 1 | 81.00 | English Books |
